Normal view
MARC view
- MAJID, IRFAN, AHMED, ABBAS RAZA
Entry Personal Name
001 - CONTROL NUMBER
- control field: 71956
003 - CONTROL NUMBER IDENTIFIER
- control field: NUST
005 - DATE AND TIME OF LATEST TRANSACTION
- control field: 20210628204722.0
008 - FIXED-LENGTH DATA ELEMENTS
- fixed length control field: 210628|| aca||aabn | a|a d
040 ## - CATALOGING SOURCE
- Original cataloging agency: NUST
- Transcribing agency: NUST
100 ## - HEADING--PERSONAL NAME
- Personal name: MAJID, IRFAN, AHMED, ABBAS RAZA
670 ## - SOURCE DATA FOUND
- Source citation: Work cat.: (NUST): MAJID, IRFAN, AHMED, ABBAS RAZA, , PR-SOF-1246-CONTAROL OF PROSTHETIC HAND USING AN OFFLINE BRAIN COMPUTER INTERFACE, 2013
